Select essays on private international law / (Record no. 56579)

MARC details
000 -LEADER
fixed length control field 01013nam a22002657a 4500
005 - DATE AND TIME OF LATEST TRANSACTION
control field 20110913165136.0
008 - FIXED-LENGTH DATA ELEMENTS--GENERAL INFORMATION
fixed length control field 110913t xxu||||| |||| 00| 0 eng d
010 ## - LCCN (DPL NO)
LC control number ENG-103680
020 ## - INTERNATIONAL STANDARD BOOK NUMBER
International Standard Book Number 9789350350638
Terms of availability 450.00
035 ## - SYSTEM CONTROL NUMBER
System control number EN-87213
037 ## - SOURCE OF ACQUISITION
Source of stock number/acquisition DBAD/PUB
040 ## - CATALOGING SOURCE
Original cataloging agency DPL
Language of cataloging Eng
082 00 - DEWEY DECIMAL CLASSIFICATION NUMBER
Classification number 340.9
100 1# - MAIN ENTRY--PERSONAL NAME
9 (RLIN) 34724
245 10 - TITLE STATEMENT
Title Select essays on private international law /
Statement of responsibility, etc edited by Lakshmi Jambholkar ; foreworded by Rahmatullah Khan
260 ## - PUBLICATION, DISTRIBUTION, ETC. (IMPRINT)
Place of publication, distribution, etc Delhi
Name of publisher, distributor, etc Universal Law Publishing
Date of publication, distribution, etc 2011
270 ## - ADDRESS
Address C-FF-1A, Dikhush Industrial Estate (Near Azadpur Metro Station) G.T. Karnal Road
City Delhi
Postal code 110033
300 ## - PHYSICAL DESCRIPTION
Extent xxiv,268p.
Dimensions 25cm (Hb)
500 ## - GENERAL NOTE
General note Includes index
650 #0 - SUBJECT ADDED ENTRY--TOPICAL TERM
9 (RLIN) 34725
700 ## - ADDED ENTRY--PERSONAL NAME
9 (RLIN) 34727
Personal name Jambholkar, Lakshmi
942 ## - ADDED ENTRY ELEMENTS (KOHA)
Source of classification or shelving scheme Dewey Decimal Classification
Item type English Books
Classification part 340.9
Call number suffix SEL
Holdings
Withdrawn status Lost status Source of classification or shelving scheme Damaged status Not for loan Collection code Home library Current library Date acquired Source of acquisition Cost, normal purchase price Total Checkouts Full call number Barcode Date last seen Copy number Cost, replacement price Koha item type
    Dewey Decimal Classification   Not For Loan Non-fiction D.B.Act.Division D.B.Act.Division 13/09/2011 DBAD/PUB 450.00   340.9 SEL EN-87213 13/09/2011 1 450.00 English Books

© Delhi Public Library
Hit Counter
free hit counter